00838nam a2200241 i 4500001000700000003000900007005001700016007000300033008004100036020001800077080004300095080002700138100004000165245012100205260006100326300003000387500001500417504003400432600003600466650002300502710005000525852002100575135498ES-MaACL20250820122242.0t|070719s1980 sp ||||1| spa d a84-300-2160-4 a929 Vega, José de la : 336.76(043.2) a336.76(100)"16"(043.2)1 aTorrente Fortuño, José Antonio.13aLa Bolsa en José de la Vega b: Confusión de confusiones, Amsterdam, 1688 / cJosé Antonio Torrente Fortuño. aMadrid : bColegio de Agentes de Cambio y Bolsa, c1980. a323 p. : bil. ; c25 cm. aÍndices. aBibliografía: p. [287]-301.14aVega, Joseph de la, d1650-1692 aBolsas de valores.2 aColegio de Agentes de Cambio y Bolsa (Madrid) aES-MaACLjL-8677